[Event "Mostoles op 12th"]
[Site "Mostoles"]
[Date "2023.07.28"]
[Round "6"]
[White "Moreno Ruiz, Javier"]
[Black "Guach Rodriguez, Marco Antonio"]
[Result "1-0"]
[WhiteElo "2416"]
[BlackElo "1706"]
[PlyCount "83"]
[EventDate "2023.07.23"]
[EventType "swiss"]
[EventRounds "8"]
[EventCountry "ESP"]
[SourceTitle "CBM 215 Extra"]
[Source "ChessBase"]
[SourceDate "2023.09.30"]
[SourceVersion "1"]
[SourceVersionDate "2023.09.30"]
[SourceQuality "1"]

1. d4 Nf6 2. c4 d6 3. Nf3 g6 4. Nc3 Bg7 5. e4 Nbd7 6. Be2 0-0 7. Be3 e5 8. d5 h6 9. Nd2 Nh7 10. g4 f5 11. gxf5 gxf5 12. exf5 Nb6 13. Bd3 Bxf5 14. Bxf5 Rxf5 15. Qg4 Rf8 16. Bxh6 Qf6 17. Be3 Kh8 18. Nde4 Qf3 19. Qxf3 Rxf3 20. b3 Raf8 21. Ke2 Nd7 22. Nb5 Nc5 23. Nxc5 dxc5 24. Nxc7 e4 25. Raf1 Be5 26. Ne6 Rc8 27. Rfg1 Rf5 28. Rg4 Rh5 29. Nf4 Bxf4 30. Rxf4 Re8 31. Bxc5 Rg5 32. h4 Rg6 33. Rh3 Kg8 34. Rg3 Rxg3 35. fxg3 b6 36. Bd4 Re7 37. Ke3 Nf8 38. h5 Nd7 39. g4 Ne5 40. Bxe5 Rxe5 41. Rxe4 Rxe4+ 42. Kxe4 1-0

[Event "Mostoles op 12th"]
[Site "Mostoles"]
[Date "2023.07.25"]
[Round "3"]
[White "Gutierrez Diaz, Pablo"]
[Black "Guach Rodriguez, Marco Antonio"]
[Result "0-1"]
[WhiteElo "1980"]
[BlackElo "1706"]
[PlyCount "180"]
[EventDate "2023.07.23"]
[EventType "swiss"]
[EventRounds "8"]
[EventCountry "ESP"]
[SourceTitle "CBM 215 Extra"]
[Source "ChessBase"]
[SourceDate "2023.09.30"]
[SourceVersion "1"]
[SourceVersionDate "2023.09.30"]
[SourceQuality "1"]

1. e4 e5 2. Nf3 Nc6 3. d4 exd4 4. Nxd4 Bc5 5. Nb3 Bb6 6. Nc3 Nf6 7. Bg5 h6 8. Bh4 g5 9. Bg3 Qe7 10. Qe2 d6 11. 0-0-0 Be6 12. Kb1 0-0-0 13. h4 Bxb3 14. axb3 Rhe8 15. hxg5 hxg5 16. f3 Rh8 17. Rxh8 Rxh8 18. Qb5 Rg8 19. Qf5+ Qe6 20. Qxe6+ fxe6 21. Bc4 Nd8 22. Rh1 Rg6 23. e5 Ne8 24. Rh8 Kd7 25. Bd3 Rg7 26. Ne4 Bd4 27. exd6 Nxd6 28. Nxd6 cxd6 29. Bb5+ Nc6 30. c3 Bf6 31. Rh6 Bd8 32. Bc4 d5 33. Be2 Bb6 34. c4 Bc5 35. cxd5 exd5 36. Bd3 Ne7 37. Be5 Rf7 38. Bc2 Nc6 39. Bf6 Be7 40. Bh8 Bc5 41. Bg6 Re7 42. Bf5+ Kc7 43. Rh7 Rxh7 44. Bxh7 Be3 45. Bg7 Kd6 46. Kc2 Bf4 47. Kd1 Na5 48. b4 Nc4 49. Ke2 Ne5 50. b3 Nc6 51. Kf2 Be5 52. Bh6 Bf6 53. f4 gxf4 54. Bxf4+ Be5 55. Bh6 Nd4 56. g4 Ne6 57. Bf5 Bf4 58. Bxf4+ Nxf4 59. g5 Ke5 60. Bb1 Nh3+ 61. Ke3 Nxg5 62. Bg6 Ne6 63. Bc2 d4+ 64. Kd3 Kd5 65. Kd2 b6 66. Bd1 Ng5 67. Kd3 a5 68. bxa5 bxa5 69. Bh5 Kc5 70. Bd1 Nh3 71. Bf3 Nf4+ 72. Ke4 Nd5 73. Kd3 Nb4+ 74. Ke4 Nc6 75. Bd1 Ne7 76. Bg4 Nd5 77. Be6 d3 78. b4+ Nxb4 79. Ke3 a4 80. Kd2 Kd4 81. Bg4 a3 82. Kc1 Kc3 83. Kb1 d2 84. Bd1 Kd3 85. Ka1 Nd5 86. Bb3 Nc3 87. Bc2+ Kc4 88. Bb3+ Kb4 89. Bc2 d1Q+ 90. Bb1 Qxb1# 0-1

[Event "Madrid-ch Previa A"]
[Site "Madrid"]
[Date "2023.02.21"]
[Round "8.16"]
[White "Guach Rodriguez, Marco Antonio"]
[Black "Mejias Gonzalez, Pedro"]
[Result "1-0"]
[WhiteElo "1701"]
[BlackElo "1489"]
[PlyCount "51"]
[EventDate "2023.02.06"]
[EventType "swiss"]
[EventRounds "9"]
[EventCountry "ESP"]
[SourceTitle "EXT 2024"]
[Source "ChessBase"]
[SourceDate "2023.10.10"]
[SourceVersion "1"]
[SourceVersionDate "2023.10.10"]
[SourceQuality "1"]

1. e4 d5 2. exd5 Nf6 3. d4 Qxd5 4. c4 Qe4+ 5. Ne2 Nc6 6. Nbc3 Qg4 7. Be3 Bd7 8. Qb3 Na5 9. Qb4 b6 10. h3 Qf5 11. Ng3 Qe6 12. 0-0-0 Qc6 13. d5 Qb7 14. c5 e6 15. dxe6 fxe6 16. Nge4 Rb8 17. Nxf6+ gxf6 18. Qd4 Kf7 19. Qxd7+ Be7 20. c6 Nxc6 21. Ba6 Qxa6 22. Qxc6 Qa5 23. Rd7 Rhd8 24. Rhd1 Qa6 25. Qxc7 Re8 26. Rxe7+ 1-0

[Event "Madrid-ch Previa A"]
[Site "Madrid"]
[Date "2023.02.15"]
[Round "6.15"]
[White "Guach Rodriguez, Marco Antonio"]
[Black "Garcia Martin, Esteban"]
[Result "1/2-1/2"]
[WhiteElo "1701"]
[BlackElo "1819"]
[PlyCount "50"]
[EventDate "2023.02.06"]
[EventType "swiss"]
[EventRounds "9"]
[EventCountry "ESP"]
[SourceTitle "EXT 2024"]
[Source "ChessBase"]
[SourceDate "2023.10.10"]
[SourceVersion "1"]
[SourceVersionDate "2023.10.10"]
[SourceQuality "1"]

1. e4 c5 2. Nc3 Nc6 3. g3 g6 4. Bg2 Bg7 5. d3 e5 6. Be3 d6 7. Qd2 Nge7 8. Bh6 0-0 9. h4 f5 10. Bxg7 Kxg7 11. Nge2 Nd4 12. h5 Rf6 13. 0-0-0 Be6 14. hxg6 Rxg6 15. exf5 Bxf5 16. Rh2 Kg8 17. Rdh1 Rg7 18. Nd5 Nxe2+ 19. Qxe2 Qf8 20. Rh6 Bg6 21. Nxe7+ Qxe7 22. Bd5+ Kh8 23. Qd2 Rf8 24. R1h2 b6 25. Qe3 Rf6 1/2-1/2

[Event "Madrid-ch Previa A"]
[Site "Madrid"]
[Date "2023.02.07"]
[Round "2.22"]
[White "Guach Rodriguez, Marco Antonio"]
[Black "Soofi Alizadeh, Arash"]
[Result "1-0"]
[WhiteElo "1701"]
[BlackElo "1161"]
[PlyCount "63"]
[EventDate "2023.02.06"]
[EventType "swiss"]
[EventRounds "9"]
[EventCountry "ESP"]
[SourceTitle "EXT 2024"]
[Source "ChessBase"]
[SourceDate "2023.10.10"]
[SourceVersion "1"]
[SourceVersionDate "2023.10.10"]
[SourceQuality "1"]

1. e4 e6 2. d4 d5 3. Nd2 c5 4. exd5 exd5 5. Ndf3 Nf6 6. Be3 c4 7. Ne2 Bb4+ 8. c3 Bd6 9. Ng3 0-0 10. Qc2 Bg4 11. Be2 Re8 12. 0-0 Nbd7 13. Nf5 Bxf5 14. Qxf5 Re7 15. Rfe1 Qb6 16. Ne5 Nxe5 17. dxe5 Rxe5 18. Qxe5 Bxe5 19. Bxb6 axb6 20. a3 g6 21. Bf3 Bc7 22. Red1 Rd8 23. g3 b5 24. Rd2 Ne4 25. Bxe4 dxe4 26. Rxd8+ Bxd8 27. Rd1 Bb6 28. Rd5 e3 29. fxe3 Bxe3+ 30. Kg2 Kg7 31. Rxb5 b6 32. Rb4 1-0

[Event "Collado Villalba op 39th"]
[Site "Collado Villalba"]
[Date "2022.08.22"]
[Round "3"]
[White "Sancho Castiello, Federico"]
[Black "Guach Rodriguez, Marco Antonio"]
[Result "0-1"]
[WhiteElo "1729"]
[BlackElo "1541"]
[PlyCount "70"]
[EventDate "2022.08.20"]
[EventType "swiss"]
[EventRounds "9"]
[EventCountry "ESP"]
[SourceTitle "EXT 2023"]
[Source "ChessBase"]
[SourceDate "2022.10.05"]
[SourceVersion "1"]
[SourceVersionDate "2022.10.05"]
[SourceQuality "1"]

1. e4 e5 2. Nf3 Nc6 3. Bb5 a6 4. Ba4 Nf6 5. d3 d6 6. c3 Be7 7. 0-0 Bd7 8. Re1 0-0 9. Nbd2 b5 10. Bc2 Bg4 11. h3 Bh5 12. Nf1 Re8 13. g4 Bg6 14. Ng3 d5 15. exd5 Qxd5 16. Nh4 Rad8 17. Nxg6 hxg6 18. Be3 Bc5 19. Qe2 b4 20. g5 Bxe3 21. fxe3 e4 22. dxe4 Qxg5 23. Kh2 Qe5 24. Rac1 Rd6 25. Red1 Nh5 26. Qg4 Red8 27. Kg2 Nxg3 28. Qxg3 Rd2+ 29. Rxd2 Rxd2+ 30. Kf3 Qh5+ 31. Kf4 g5+ 32. Kf5 g6+ 33. Kf6 Rd6+ 34. Qxd6 cxd6 35. Rf1 g4 0-1

[Event "Collado Villalba Grupo Gallinero op 1st"]
[Site "Collado Villalba"]
[Date "2022.08.13"]
[Round "3"]
[White "Madrigal, Ana Daniela"]
[Black "Guach Rodriguez, Marco Antonio"]
[Result "1-0"]
[WhiteElo "1989"]
[BlackElo "1541"]
[PlyCount "79"]
[EventDate "2022.08.12"]
[EventType "swiss"]
[EventRounds "9"]
[EventCountry "ESP"]
[SourceTitle "CBM 210 Extra"]
[Source "ChessBase"]
[SourceDate "2022.11.30"]
[SourceVersion "1"]
[SourceVersionDate "2022.11.30"]
[SourceQuality "1"]

1. d4 Nf6 2. c4 g6 3. Nc3 Bg7 4. e4 d6 5. Nf3 Nc6 6. d5 Ne5 7. Nxe5 dxe5 8. Be2 0-0 9. Be3 h6 10. 0-0 g5 11. c5 Nh7 12. Qb3 b6 13. Rfd1 bxc5 14. Bxc5 Kh8 15. Qa3 Re8 16. Rac1 a5 17. Nb5 Bd7 18. Be3 Bxb5 19. Bxb5 Rg8 20. Bc6 Rb8 21. Ba7 Rb4 22. Bc5 Rxe4 23. d6 exd6 24. Bxe4 Qf8 25. Be3 Bf6 26. Rxc7 Bd8 27. Rc8 Nf6 28. Bf5 Qe7 29. Qxd6 Qxd6 30. Rxd6 Be7 31. Rxg8+ Kxg8 32. Ra6 Nd5 33. Rxa5 Nb4 34. Rxe5 Bf6 35. Re8+ Kg7 36. Bc5 Bxb2 37. Bxb4 Kf6 38. Bc2 Be5 39. a4 Bc7 40. Bc3+ 1-0

[Event "Madrid-ch U14"]
[Site "Madrid"]
[Date "2022.04.03"]
[Round "2"]
[White "Guach Rodriguez, Marco Antonio"]
[Black "Raskin Calvo, Maximilian"]
[Result "1-0"]
[WhiteElo "1456"]
[BlackElo "1397"]
[PlyCount "113"]
[EventDate "2022.04.02"]
[EventType "swiss"]
[EventRounds "6"]
[EventCountry "ESP"]
[SourceTitle "EXT 2024"]
[Source "ChessBase"]
[SourceDate "2023.10.10"]
[SourceVersion "1"]
[SourceVersionDate "2023.10.10"]
[SourceQuality "1"]

1. e4 c6 2. d4 d5 3. Nc3 dxe4 4. Nxe4 Nf6 5. Nxf6+ exf6 6. Nf3 Bd6 7. Be3 0-0 8. Bd3 Bg4 9. h3 Bh5 10. g4 Bg6 11. Qd2 Re8 12. 0-0-0 Qc7 13. h4 Nd7 14. Bxg6 hxg6 15. h5 g5 16. h6 g6 17. Qc3 Kh7 18. d5 Be5 19. Nxe5 Qxe5 20. dxc6 Qxc3 21. bxc3 Ne5 22. cxb7 Rab8 23. Rd4 Rxb7 24. Rb4 Reb8 25. Rb3 Nxg4 26. Bd4 Ne5 27. Bxe5 fxe5 28. c4 a5 29. Rhh3 a4 30. Rxb7 Rxb7 31. Kd2 Rd7+ 32. Kc3 Rd4 33. Kb4 g4 34. Rd3 Rf4 35. Rd2 Kxh6 36. Kb5 e4 37. c5 e3 38. fxe3 Rf3 39. Re2 g3 40. c6 Rf2 41. c7 Rxe2 42. c8Q Rh2 43. Qg4 Rh5+ 44. Kxa4 g5 45. Qxg3 Rh4+ 46. Kb5 f5 47. a4 Kh5 48. a5 g4 49. a6 Rh3 50. Qf4 Rf3 51. a7 Rxf4 52. exf4 Kh4 53. a8Q g3 54. Qg2 Kg4 55. c4 Kxf4 56. c5 Kg4 57. c6 1-0

[Event "Madrid-ch U14"]
[Site "Madrid"]
[Date "2022.04.03"]
[Round "3"]
[White "Horcajuelo Rocamora, Martin"]
[Black "Guach Rodriguez, Marco Antonio"]
[Result "1-0"]
[WhiteElo "2212"]
[BlackElo "1456"]
[PlyCount "79"]
[EventDate "2022.04.02"]
[EventType "swiss"]
[EventRounds "6"]
[EventCountry "ESP"]
[SourceTitle "EXT 2024"]
[Source "ChessBase"]
[SourceDate "2023.10.10"]
[SourceVersion "1"]
[SourceVersionDate "2023.10.10"]
[SourceQuality "1"]

1. d4 Nf6 2. c4 g6 3. Nc3 Bg7 4. e4 d6 5. Be2 Nbd7 6. Be3 0-0 7. Qc2 e5 8. d5 Nb6 9. f3 Nh5 10. c5 dxc5 11. Bxc5 Re8 12. g4 Nf4 13. 0-0-0 Nd7 14. Be3 Ng2 15. Bd2 Nb6 16. Kb1 Bd7 17. Bf1 Nh4 18. Be3 f5 19. gxf5 gxf5 20. Nb5 Bxb5 21. Bxb5 Rf8 22. Bc5 Rf6 23. Qb3 Kh8 24. Ne2 a6 25. Bd3 Nxf3 26. exf5 Nd7 27. Be3 Qe8 28. Qc2 e4 29. Bxe4 Nfe5 30. Rhe1 Qf7 31. Nf4 Ng4 32. Bd4 Rh6 33. Rg1 Rxh2 34. Rxg4 Rxc2 35. Rxg7 Qxg7 36. Bxg7+ Kxg7 37. Kxc2 Kf6 38. Bd3 Rg8 39. Re1 Ne5 40. Nh5+ 1-0

[Event "Madrid-ch U14"]
[Site "Madrid"]
[Date "2022.04.02"]
[Round "1"]
[White "Jolani, Parnian"]
[Black "Guach Rodriguez, Marco Antonio"]
[Result "0-1"]
[WhiteElo "1643"]
[BlackElo "1456"]
[PlyCount "34"]
[EventDate "2022.04.02"]
[EventType "swiss"]
[EventRounds "6"]
[EventCountry "ESP"]
[SourceTitle "EXT 2024"]
[Source "ChessBase"]
[SourceDate "2023.10.10"]
[SourceVersion "1"]
[SourceVersionDate "2023.10.10"]
[SourceQuality "1"]

1. e4 e5 2. Nf3 Nc6 3. Bc4 Bc5 4. c3 Nf6 5. d4 exd4 6. e5 d5 7. Bb5 Nd7 8. Bxc6 bxc6 9. cxd4 Bb4+ 10. Nc3 0-0 11. 0-0 Nb6 12. Qc2 Be7 13. Ne2 Ba6 14. Re1 Bb4 15. Rd1 Bxe2 16. Qxe2 Re8 17. Qc2 Qd7 0-1

[Event "World Cup U12 Prel"]
[Site "Tornelo INT"]
[Date "2021.08.06"]
[Round "9"]
[White "Decraene, Lotus"]
[Black "Guach Rodriguez, Marco Antonio"]
[Result "1/2-1/2"]
[WhiteElo "1263"]
[BlackElo "1456"]
[PlyCount "70"]
[EventDate "2021.08.06"]
[EventType "swiss (rapid)"]
[EventRounds "10"]
[EventCountry "NET"]
[SourceTitle "EXT 2025"]
[Source "ChessBase"]
[SourceDate "2024.10.14"]
[SourceVersion "1"]
[SourceVersionDate "2024.10.14"]
[SourceQuality "1"]

1. e4 e5 2. Nf3 Nc6 3. Bc4 Bc5 4. Nc3 Nf6 5. d3 d6 6. Bg5 h6 7. Bh4 g5 8. Bg3 Bg4 9. h3 Bh5 10. h4 Qe7 11. Qd2 Bxf3 12. gxf3 0-0-0 13. hxg5 hxg5 14. Rxh8 Rxh8 15. 0-0-0 Bb4 16. Qxg5 Bxc3 17. bxc3 Rg8 18. Qf5+ Nd7 19. Qxf7 Qxf7 20. Bxf7 Rf8 21. Bh5 Nf6 22. Bg4+ Kb8 23. Rh1 d5 24. Rd1 dxe4 25. dxe4 Nh7 26. Bf5 Ng5 27. Bg4 Nxf3 28. Bxf3 Rxf3 29. Bxe5 Rxf2 30. Rg1 b6 31. Bd4 Re2 32. Rg8+ Kb7 33. Re8 Nxd4 34. cxd4 Kc6 35. Kb2 a5 1/2-1/2